Cities and urban cultures
Αποθηκεύτηκε σε:
| Κύριος συγγραφέας: | |
|---|---|
| Μορφή: | Βιβλίο |
| Γλώσσα: | English |
| Δημοσίευση: |
Philadelphia, PA :
Open University Press,
2003.
|
| Σειρά: | Issues in cultural and media studies
|
| Θέματα: | |
| Ετικέτες: |
Προσθήκη ετικέτας
Δεν υπάρχουν, Καταχωρήστε ετικέτα πρώτοι!
|
MARC
| LEADER | 00000cam a2200000 i 4500 | ||
|---|---|---|---|
| 001 | 1/77934 | ||
| 008 | 050603s2003 pau| ||| |||| ||eng|| | ||
| 020 | |a 0335208444 | ||
| 035 | |l 10078374 | ||
| 040 | |a GR-MyUA |b gre |e AACR2 | ||
| 041 | 0 | |a eng | |
| 082 | 0 | |a 307.76 |2 (21) | |
| 100 | 1 | |a Stevenson, Deborah, |d 1958- | |
| 245 | 1 | 0 | |a Cities and urban cultures / |c Deborah Stevenson. |
| 260 | |a Philadelphia, PA : |b Open University Press, |c 2003. | ||
| 300 | |a xiv, 164 σ. ; |c 24 εκ. | ||
| 490 | 1 | |a (Issues in cultural and media studies) | |
| 504 | |a Περιέχει βιβλιογραφία και ευρετήριο. | ||
| 650 | 0 | 0 | |a Cities and towns. |
| 650 | 0 | 0 | |a Sociology, Urban. |
| 650 | 0 | 0 | |a Urban anthropology. |
| 650 | 0 | 0 | |a City and town life. |
| 650 | 0 | 0 | |a Postmodernism |x Social aspects. |
| 767 | 0 | 8 | |i Μεταφρασμένο ως: |t Πόλεις και αστικοί πολιτισμοί / |
| 830 | 0 | |a Issues in cultural and media studies | |
| 852 | |a INST |b LESVOS |e 20050603 |h 307.76 STE |p 005100032135 |q 005100032135 |t BK |y 0 | ||
| 901 | |a BIBL1-2005-2 | ||
| 909 | |a Λ |b 120965 | ||
| 920 | |a ΕΠΕΑΕΚ ΚΟΙΝΩΝΙΚΗΣ ΑΝΘΡΩΠΟΛΟΓΙΑΣ ΚΑΙ ΙΣΤΟΡΙΑΣ |y Λέσβος |z 2005-01 | ||
| 970 | |a ΚΑΡΑ |b ΓΙΑΣΕΜΗ |z 2005/06/03 | ||